| 000 | 00881nam a2200253 i 4500 | ||
|---|---|---|---|
| 001 | 7160 | ||
| 003 | ES-MaACL | ||
| 005 | 20250727154943.0 | ||
| 007 | t| | ||
| 008 | 900925s1989 sp a |||| |dspa d | ||
| 020 | _a84-381-0140-2 | ||
| 080 | _a75(46)"16" | ||
| 080 | _a75Zurbarán | ||
| 100 | 1 |
_aPemán, César. _990129 |
|
| 245 | 1 | 0 |
_aZurbarán _b: y otros estudios sobre pintura del XVII español / _cCésar Pemán ; prólogo de Alfonso E. Pérez Sánchez ; introducción de Jonathan Brown. |
| 260 |
_aMadrid : _bAlpuerto, _c1989. |
||
| 300 |
_a353 p. : _bil. ; _c24 cm. |
||
| 600 | 1 | 4 |
_aZurbarán, Francisco de, _d1598-1664 _9240980 |
| 650 | 4 |
_aPintura española- _xS.XVII. _916041 |
|
| 700 | 1 |
_aPérez Sánchez, Alfonso E., _d1935-2010 _9240883 |
|
| 700 | 1 |
_aBrown, Jonathan, _d1939- _932005 |
|
| 852 |
_aES-MaACL _jL-14397 _z. - rust. |
||
| 999 |
_c7160 _d7160 |
||